| 000 | 00417nam a22001697a 4500 | ||
|---|---|---|---|
| 003 | SGT | ||
| 020 | _a9789387963634 | ||
| 082 |
_a616.07 _bK18K |
||
| 100 | _aKOSS,, LEOPOLD G. | ||
| 245 | _aKOSS, DIAGNOSTIC CYTOLOGY & ITS HISTOPATHOLOGIC BASES 2 VOLUME SET | ||
| 250 | _a5TH | ||
| 260 |
_aINDIA _bWOLTERS KLUWER PUB _c2018 |
||
| 300 | _a918,1752 | ||
| 650 | _aPATHOLOGY | ||
| 653 | _aCYTOLOGY | ||
| 942 |
_2ddc _cBK |
||
| 999 |
_c22569 _d22569 |
||